Frindle (Record no. 9143)

MARC details
000 -LEADER
fixed length control field 00774nam a22002057a 4500
003 - CONTROL NUMBER IDENTIFIER
control field OSt
005 - DATE AND TIME OF LATEST TRANSACTION
control field 20260316053801.0
008 - FIXED-LENGTH DATA ELEMENTS--GENERAL INFORMATION
fixed length control field 260316b |||||||| |||| 00| 0 eng d
020 ## - INTERNATIONAL STANDARD BOOK NUMBER
International Standard Book Number 0-689-81876-9
040 ## - CATALOGING SOURCE
Original cataloging agency DWCL GS lib
Transcribing agency OC
100 ## - MAIN ENTRY--PERSONAL NAME
Personal name CLEMENTS, ANDREW
245 ## - TITLE STATEMENT
Title Frindle
Statement of responsibility, etc. CLEMENTS, ANDREW
260 ## - PUBLICATION, DISTRIBUTION, ETC.
Place of publication, distribution, etc. New York
Name of publisher, distributor, etc. Aladdin Paperbacks
Date of publication, distribution, etc. 1996
300 ## - PHYSICAL DESCRIPTION
Extent vii, 105 pages.
Dimensions 19cm.
520 ## - SUMMARY, ETC.
Summary, etc. Frindle by Andrew Clements is a 1996 children's novel about Nick Allen, a creative fifth-grader who invents a new word, "frindle," for a pen to challenge his strict language arts teacher, Mrs. Granger.
546 ## - LANGUAGE NOTE
Language note English
650 ## - SUBJECT ADDED ENTRY--TOPICAL TERM
Source of heading or term children's realistic fiction novel.
650 ## - SUBJECT ADDED ENTRY--TOPICAL TERM
Source of heading or term explores how creativity and community
942 ## - ADDED ENTRY ELEMENTS (KOHA)
Source of classification or shelving scheme Dewey Decimal Classification
Koha item type Fiction
Classification part Fic .
Suppress in OPAC No

No items available.